000 00459nam a22001817a 4500
003 MPLRDC
005 20220104182859.0
008 210129b ||||| |||| 00| 0 eng d
020 _a1-4013-0965-7
082 _a785.28 PAU
100 _aRANDY PAUSCH
245 _aTHE LAST LECTURE
_c
250 _a1ST ED.
260 _aU.S.A.
_bHYPERION BOOKS
_c2008
300 _bPAPERBACK
650 _aBIOGRAPHIES OF AMERICAN--RANDY PAUSCH
942 _cBK
_o785.28 PAU
999 _c62154
_d62144